00594nam a2200169Ia 4500008004000000082001300040100003600053245004200089260005200131300001100183440000600194650002800200690001100228906001000239999001900249952015600268210210b2001 xxu||||| |||| 00| 0 eng d a530 RAOT aRAO (V Ranganayaki) and others. aText book of physics. II PUC. Rev Ed. aBangalore.bModel Educational Series Pub,c2001 a484,44 a2 aPhysics II PUC, MES  aPhysic a05631 c103869d103869 00102ddc40708PHYaALbALcSSSd2021-02-17eSAC Co-Operative Store, Mangalore -03.g195.00l0o530 RAOTp056313r2021-02-17 00:00:00w2021-02-17yBK